| 000 | 01205nab a2200229 i 4500 | ||
|---|---|---|---|
| 001 | BPP | ||
| 003 | BPK | ||
| 005 | 20160604115517.0 | ||
| 008 | 160112s1978 pl | | |000 ||pol | ||
| 040 | _cBPK | ||
| 080 | _a796.012 | ||
| 100 |
_aWOJCIECHOWSKI, Leszek. _d1968 - 1996. _bWyższa Szkoła Inżynierska w Koszalinie - Studium Wychowania Fizycznego i Sportu |
||
| 245 |
_aZmiany sezonowe w sprawności fizycznej studentów Wydziału Mechanicznego Wyższej Szkoły Inżynierskiej w Koszalinie / _cLeszek Wojciechowski. |
||
| 260 | _c1978. | ||
| 500 | _aDane z autopsji. | ||
| 520 | _aW opracowaniu przedstawiony został odcinek badań okresowych sprawności fizycznej studentów badanych w październiku 1972 roku. Wyniki testów opracowano podstawowymi metodami statystycznymi. W opracowaniu uwzględniono testy: siły, wytrzymałości, zwinności, gibkości, skoczności. | ||
| 650 | 0 | _aStudenci. | |
| 650 | 0 | _aSprawność fizyczna. | |
| 650 | _aBadanie, dojrzewanie, rozwój. | ||
| 773 |
_iW : _tZeszyty Naukowe Wyższej Szkoły Inżynierskiej w Koszalinie. Prace Studiów Wychowania Fizycznego i Sportu Uczelni Technicznych. - _g1978, nr 5, s. 101-106 |
||
| 942 |
_cART _2UKD |
||
| 999 |
_c5163 _d5163 |
||